[Event "Swindon U1900"]
[Site "Swindon"]
[Date "2025.08.23"]
[Round "2.2"]
[White "Reith, Duncan Im"]
[Black "Abdalla, Suhayl"]
[Result "1/2-1/2"]
[WhiteElo "1849"]
[BlackElo "1697"]
[PlyCount "96"]
[EventDate "2025.08.22"]
[EventType "swiss"]
[EventRounds "6"]
[EventCountry "ENG"]
[SourceTitle "BritBase"]
[Source "John Saunders"]
[SourceDate "2025.12.11"]
[SourceVersion "1"]
[SourceVersionDate "2025.12.11"]
[SourceQuality "1"]

1. e4 c5 2. d4 cxd4 3. c3 dxc3 4. Nxc3 Nc6 5. Nf3 e6 6. Bc4 Bc5 7. O-O Nge7 8. Bf4 a6 9. Bd6 Bxd6 10. Qxd6 b5 11. Bb3 O-O 12. Rfd1 Na5 13. Ne5 Nxb3 14. axb3 b4 15. Na4 Ra7 16. Nb6 Qc7 17. Nxc8 Nxc8 18. Qxc7 Rxc7 19. Nxd7 Re8 20. Rxa6 f6 21. h3 Kh8 22. Ra8 Rd8 23. Rd3 g6 24. Nc5 Rxd3 25. Nxd3 Kg7 26. Nxb4 Nd6 27. Ra6 Rc1+ 28. Kh2 Nxe4 29. Nd3 Rd1 30. Rxe6 f5 31. f3 Rxd3 32. fxe4 Rxb3 33. exf5 Rxb2 34. fxg6 hxg6 35. h4 Kf7 36. Ra6 Kg7 37. Kh3 Rb4 38. Ra3 Kf7 39. Rf3+ Kg7 40. g4 Re4 41. Kg3 Rc4 42. g5 Rb4 43. Rf4 Rb3+ 44. Kg4 Rb1 45. Ra4 Rg1+ 46. Kf4 Re1 47. Ra7+ Kg8 48. h5 Rf1+ 1/2-1/2

[Event "Swindon U1900"]
[Site "Swindon"]
[Date "2025.08.23"]
[Round "2.3"]
[White "Bryant, Jeffrey"]
[Black "Tuson, Jon"]
[Result "1-0"]
[WhiteElo "1695"]
[BlackElo "1825"]
[PlyCount "57"]
[EventDate "2025.08.22"]
[EventType "swiss"]
[EventRounds "6"]
[EventCountry "ENG"]
[SourceTitle "BritBase"]
[Source "John Saunders"]
[SourceDate "2025.12.11"]
[SourceVersion "1"]
[SourceVersionDate "2025.12.11"]
[SourceQuality "1"]

1. d4 Nf6 2. c4 c5 3. d5 b5 4. Nf3 bxc4 5. Nc3 d6 6. e4 g6 7. Bxc4 Bg7 8. e5 Ng4 9. exd6 Qxd6 10. h3 Ne5 11. Nxe5 Qxe5+ 12. Be3 O-O 13. O-O Nd7 14. Re1 Qb8 15. Qd2 Qb4 16. Be2 Rb8 17. Rab1 Ne5 18. a3 Qa5 19. Bh6 Bf5 20. Bxg7 Kxg7 21. Rbd1 Rfd8 22. g4 Bd3 23. Qf4 f6 24. Bxd3 Rxb2 25. Rxe5 fxe5 26. Qxe5+ Kf8 27. Qh8+ Kf7 28. Qxh7+ Kf8 29. Bxg6 1-0

[Event "Swindon U1900"]
[Site "Swindon"]
[Date "2025.08.23"]
[Round "2.4"]
[White "Miller, Craig"]
[Black "Morrison, John V"]
[Result "0-1"]
[WhiteElo "1682"]
[BlackElo "1807"]
[PlyCount "72"]
[EventDate "2025.08.22"]
[EventType "swiss"]
[EventRounds "6"]
[EventCountry "ENG"]
[SourceTitle "BritBase"]
[Source "John Saunders"]
[SourceDate "2025.12.11"]
[SourceVersion "1"]
[SourceVersionDate "2025.12.11"]
[SourceQuality "1"]

1. d4 f5 2. g4 d5 3. g5 Nc6 4. Bf4 e5 5. dxe5 Nge7 6. Nf3 Ng6 7. e3 Bc5 8. Bb5 O-O 9. c3 Nce7 10. Nbd2 Nxf4 11. exf4 c6 12. Be2 Qb6 13. O-O Ng6 14. Qa4 Qc7 15. Rad1 b5 16. Bxb5 cxb5 17. Qxb5 Rb8 18. Qa4 Bd7 19. Qc2 Nxf4 20. Nb3 Nh3+ 21. Kg2 f4 22. Rxd5 Be7 23. Nbd4 Bg4 24. Re1 Qb7 25. Qe4 Qxb2 26. Re2 Qa1 27. e6 Rb1 28. Re1 Rxe1 29. Nxe1 Nxg5 30. Qe5 Bf6 31. Qxf4 Bh3+ 32. Kg3 Qxe1 33. Rxg5 Bxg5 34. Qxg5 Qg1+ 35. Kh4 Qxg5+ 36. Kxg5 Re8 0-1

[Event "Swindon U1900"]
[Site "Swindon"]
[Date "2025.08.23"]
[Round "2.5"]
[White "Cawston, M John"]
[Black "Williams, Stephen"]
[Result "1-0"]
[WhiteElo "1781"]
[BlackElo "1690"]
[PlyCount "69"]
[EventDate "2025.08.22"]
[EventType "swiss"]
[EventRounds "6"]
[EventCountry "ENG"]
[SourceTitle "BritBase"]
[Source "John Saunders"]
[SourceDate "2025.12.11"]
[SourceVersion "1"]
[SourceVersionDate "2025.12.11"]
[SourceQuality "1"]

1. Nf3 c5 2. c4 g6 3. Nc3 Bg7 4. g3 Nc6 5. Bg2 d6 6. O-O e5 7. d3 Nge7 8. Bg5 O-O 9. Bxe7 Qxe7 10. Nd5 Qd8 11. Ne1 f5 12. Qd2 Rb8 13. Rb1 a6 14. a3 Nd4 15. e3 Ne6 16. Nc2 b5 17. b4 bxc4 18. dxc4 e4 19. Rfd1 Be5 20. bxc5 Rxb1 21. Rxb1 Nxc5 22. Nd4 Bd7 23. Rb6 Qa8 24. Ne7+ Kh8 25. Nec6 Na4 26. Nxe5 Nxb6 27. Nxd7 Nxd7 28. Ne6 Rb8 29. Qxd6 Rb1+ 30. Bf1 Qb8 31. Qxd7 Rb7 32. Qd4+ Kg8 33. c5 Qc8 34. Bc4 Rd7 35. Ng5+ 1-0

[Event "Swindon U1900"]
[Site "Swindon"]
[Date "2025.08.23"]
[Round "2.6"]
[White "Kocan, Barry A"]
[Black "Driver, Kingsley"]
[Result "1/2-1/2"]
[WhiteElo "1673"]
[BlackElo "1778"]
[PlyCount "67"]
[EventDate "2025.08.22"]
[EventType "swiss"]
[EventRounds "6"]
[EventCountry "ENG"]
[SourceTitle "BritBase"]
[Source "John Saunders"]
[SourceDate "2025.12.11"]
[SourceVersion "1"]
[SourceVersionDate "2025.12.11"]
[SourceQuality "1"]

1. e4 e6 2. d4 d5 3. Nd2 dxe4 4. Nxe4 Nd7 5. Nf3 Ngf6 6. Nc3 Bb4 7. Qd3 h6 8. Be2 O-O 9. O-O b6 10. a3 Bd6 11. Nb5 Bb7 12. Nxd6 cxd6 13. c3 Qe7 14. Re1 e5 15. Nh4 Ne4 16. Qh3 Qf6 17. Bf3 Nxf2 18. Kxf2 e4 19. Kg1 exf3 20. Rf1 Qe6 21. Qg3 fxg2 22. Re1 Qf6 23. Bf4 Rfe8 24. Bxd6 Re6 25. Rxe6 fxe6 26. Nxg2 Qf3 27. Qxf3 Bxf3 28. Nf4 Re8 29. Re1 Bg4 30. h3 Bf5 31. Nd5 Bxh3 32. Nc7 Rc8 33. Nxe6 Rc6 34. Nf4 1/2-1/2

[Event "Swindon U1900"]
[Site "Swindon"]
[Date "2025.08.23"]
[Round "2.7"]
[White "Di-Vetta, Andrew"]
[Black "Ranasinghe, R A Chaniru Chanudi"]
[Result "0-1"]
[WhiteElo "1768"]
[BlackElo "1642"]
[PlyCount "50"]
[EventDate "2025.08.22"]
[EventType "swiss"]
[EventRounds "6"]
[EventCountry "ENG"]
[SourceTitle "BritBase"]
[Source "John Saunders"]
[SourceDate "2025.12.11"]
[SourceVersion "1"]
[SourceVersionDate "2025.12.11"]
[SourceQuality "1"]

1. Nf3 Nf6 2. c4 g6 3. Nc3 Bg7 4. e4 d6 5. h3 c5 6. d3 Nc6 7. a3 a6 8. Be3 O-O 9. Qd2 Qb6 10. Be2 Nd4 11. Bd1 Nd7 12. Bxd4 cxd4 13. Nd5 Qd8 14. O-O e6 15. Nb4 Nc5 16. Rb1 e5 17. Nc2 f5 18. b4 fxe4 19. bxc5 exf3 20. Bxf3 Rxf3 21. gxf3 Bxh3 22. cxd6 Qh4 23. Ne1 Bh6 24. Qe2 Bf4 25. Rxb7 Bg2 0-1

[Event "Swindon U1900"]
[Site "Swindon"]
[Date "2025.08.23"]
[Round "2.8"]
[White "Palav, Mayank"]
[Black "Binu, Nathan"]
[Result "1-0"]
[WhiteElo "1653"]
[BlackElo "1758"]
[PlyCount "133"]
[EventDate "2025.08.22"]
[EventType "swiss"]
[EventRounds "6"]
[EventCountry "ENG"]
[SourceTitle "BritBase"]
[Source "John Saunders"]
[SourceDate "2025.12.11"]
[SourceVersion "1"]
[SourceVersionDate "2025.12.11"]
[SourceQuality "1"]

1. e4 e5 2. Nf3 Nc6 3. Bc4 Bc5 4. O-O Nf6 5. d3 h6 6. Be3 Bxe3 7. fxe3 d5 8. exd5 Nxd5 9. Bxd5 Qxd5 10. Nc3 Qd8 11. Qe1 O-O 12. Qg3 Re8 13. Nh4 Be6 14. Ne4 Kh7 15. Rf2 Qd5 16. Nf5 Bxf5 17. Rxf5 f6 18. Rxf6 Kh8 19. Rf3 Rf8 20. a3 Rxf3 21. Qxf3 Ne7 22. Rf1 Kg8 23. Nc3 Qc5 24. Qf7+ Kh8 25. Rf3 Ng8 26. Rg3 g5 27. Qd5 Qb6 28. Qxe5+ Kh7 29. Nd5 Qc6 30. Rf3 Qd7 31. Qe4+ Kh8 32. Qd4+ Kh7 33. Nf6+ Nxf6 34. Qxd7+ Nxd7 35. Rf7+ Kg6 36. Rxd7 Re8 37. Kf2 Rf8+ 38. Ke2 Rf6 39. Rxc7 Rb6 40. b3 Kf5 41. h3 h5 42. Rc5+ Kf6 43. g4 h4 44. Rf5+ Kg6 45. d4 Rc6 46. Kd3 Ra6 47. a4 Rc6 48. c4 Rb6 49. Rb5 Rf6 50. Ke2 b6 51. Re5 Rf7 52. d5 Rd7 53. e4 Rf7 54. Rf5 Re7 55. Kd3 Rd7 56. e5 Rd8 57. Ke4 Rd7 58. Rf6+ Kg7 59. Kf5 Re7 60. e6 Re8 61. Rf7+ Kh6 62. d6 b5 63. axb5 a6 64. Rf6+ Kg7 65. bxa6 Rb8 66. d7 Ra8 67. e7 1-0

[Event "Swindon U1900"]
[Site "Swindon"]
[Date "2025.08.23"]
[Round "2.9"]
[White "French, Morgan"]
[Black "Cartwright, Jonathan"]
[Result "1-0"]
[WhiteElo "1717"]
[BlackElo "1624"]
[PlyCount "123"]
[EventDate "2025.08.22"]
[EventType "swiss"]
[EventRounds "6"]
[EventCountry "ENG"]
[SourceTitle "BritBase"]
[Source "John Saunders"]
[SourceDate "2025.12.11"]
[SourceVersion "1"]
[SourceVersionDate "2025.12.11"]
[SourceQuality "1"]

1. d4 d5 2. c4 c6 3. Nc3 Nf6 4. Bg5 dxc4 5. a4 Bf5 6. e3 Nbd7 7. Bxc4 Qc7 8. f3 e5 9. Nge2 Bd6 10. e4 Bg6 11. Bxf6 Nxf6 12. d5 O-O 13. dxc6 bxc6 14. O-O Rfd8 15. Qc2 Rab8 16. b3 Nd7 17. Rad1 Nc5 18. Kh1 Qb6 19. Nc1 a5 20. Rd2 Na6 21. Bxa6 Qxa6 22. Rfd1 Be7 23. Rxd8+ Rxd8 24. Rxd8+ Bxd8 25. Qd1 Be7 26. N1e2 Qb7 27. Qd3 f6 28. Nc1 Bf7 29. N3e2 Be6 30. h3 Qb4 31. Kh2 Kf7 32. Ng3 Bc5 33. Nf5 g6 34. Ne3 Qe1 35. Ne2 Bxb3 36. Qxb3+ Kg7 37. Qd3 h5 38. Nc2 Qf2 39. Qd7+ Kh6 40. Qd2+ Kg7 41. Qd1 h4 42. Qg1 Qxg1+ 43. Nxg1 Bf2 44. Ne2 Kf7 45. g3 hxg3+ 46. Nxg3 Ke6 47. Kg2 Bd4 48. Kf1 c5 49. Ke2 c4 50. Na3 c3 51. Kd3 Kd6 52. Nb5+ Kc5 53. Nxc3 Kb4 54. Nd5+ Kxa4 55. Ne2 Kb3 56. Nxd4+ exd4 57. h4 a4 58. Kxd4 a3 59. Nc3 Kb4 60. f4 Kb3 61. e5 fxe5+ 62. fxe5 1-0

[Event "Swindon U1900"]
[Site "Swindon"]
[Date "2025.08.23"]
[Round "2.10"]
[White "Redmill, Simon Matthew"]
[Black "Fearnhead, Joseph"]
[Result "1-0"]
[WhiteElo "1716"]
[BlackElo "1566"]
[PlyCount "111"]
[EventDate "2025.08.22"]
[EventType "swiss"]
[EventRounds "6"]
[EventCountry "ENG"]
[SourceTitle "BritBase"]
[Source "John Saunders"]
[SourceDate "2025.12.11"]
[SourceVersion "1"]
[SourceVersionDate "2025.12.11"]
[SourceQuality "1"]

1. d4 Nf6 2. Bf4 d5 3. e3 c5 4. c3 Nc6 5. Nf3 Qb6 6. Qb3 c4 7. Qxb6 axb6 8. Na3 Ra5 9. Bc7 Ra6 10. Nb5 Na7 11. Nxa7 Rxa7 12. Bxb6 Ra6 13. Bc5 Ne4 14. Bb4 Nd6 15. Be2 Bg4 16. O-O e6 17. h3 Bxf3 18. Bxf3 Be7 19. b3 b5 20. bxc4 bxc4 21. Bxd6 Bxd6 22. e4 dxe4 23. Bxe4 Ra3 24. g3 O-O 25. Rfb1 Be7 26. Kf1 Bf6 27. Ke2 Rd8 28. Kd2 g5 29. Kc2 Kg7 30. Rb6 Rxc3+ 31. Kxc3 Bxd4+ 32. Kxc4 Bxb6 33. f3 f5 34. Bc6 Bd4 35. Rd1 e5 36. a4 f4 37. g4 Rb8 38. a5 Rb2 39. a6 Ra2 40. Bb7 Kf6 41. Kd5 Ke7 42. Rc1 Ra5+ 43. Ke4 Bb6 44. Rc6 Rb5 45. Rxb6 Rxb6 46. a7 Rb4+ 47. Kxe5 Ra4 48. a8=Q Rxa8 49. Bxa8 h6 50. Bd5 Ke8 51. Kf6 Kf8 52. Kg6 Ke7 53. Kxh6 Kf8 54. Kxg5 Kg7 55. Kxf4 Kf6 56. h4 1-0

[Event "Swindon U1900"]
[Site "Swindon"]
[Date "2025.08.23"]
[Round "2.11"]
[White "Williams, Peter"]
[Black "Johnson, Richard J"]
[Result "0-1"]
[WhiteElo "1625"]
[BlackElo "1866"]
[PlyCount "62"]
[EventDate "2025.08.22"]
[EventType "swiss"]
[EventRounds "6"]
[EventCountry "ENG"]
[SourceTitle "BritBase"]
[Source "John Saunders"]
[SourceDate "2025.12.11"]
[SourceVersion "1"]
[SourceVersionDate "2025.12.11"]
[SourceQuality "1"]

1. e4 c5 2. Nf3 e6 3. d4 cxd4 4. Nxd4 a6 5. g3 Nf6 6. Bg2 Qc7 7. O-O Nc6 8. Nxc6 dxc6 9. Be3 e5 10. h3 Be7 11. Nd2 O-O 12. Qe2 Be6 13. Rfd1 Nd7 14. Rac1 Kh8 15. c4 g6 16. Bh6 Rg8 17. f4 f5 18. fxe5 g5 19. exf5 Bxf5 20. h4 gxh4 21. Rf1 Be6 22. Bf4 Bg5 23. Qe3 Bxf4 24. Qxf4 Rxg3 25. Rf3 Rag8 26. Rxg3 Rxg3 27. Re1 Qd8 28. Ne4 Rg4 29. Qd2 h3 30. Re2 Qg8 31. Nf6 Rxg2+ 0-1

[Event "Swindon U1900"]
[Site "Swindon"]
[Date "2025.08.23"]
[Round "2.12"]
[White "George, Richard M"]
[Black "Adams, Tom"]
[Result "1-0"]
[WhiteElo "1839"]
[BlackElo "1691"]
[PlyCount "103"]
[EventDate "2025.08.22"]
[EventType "swiss"]
[EventRounds "6"]
[EventCountry "ENG"]
[SourceTitle "BritBase"]
[Source "John Saunders"]
[SourceDate "2025.12.11"]
[SourceVersion "1"]
[SourceVersionDate "2025.12.11"]
[SourceQuality "1"]

1. d4 Nf6 2. Bg5 e6 3. e3 Be7 4. Bd3 h6 5. Bh4 d6 6. Nf3 Nbd7 7. c4 e5 8. Bc2 c6 9. Nc3 Qa5 10. O-O O-O 11. a3 Re8 12. b4 Qc7 13. Rc1 b6 14. Qd3 Nf8 15. h3 Ng6 16. Bg3 Bf8 17. dxe5 dxe5 18. Rfd1 Bb7 19. Bb3 Rad8 20. Qc2 Bc8 21. c5 Kh8 22. cxb6 axb6 23. Nb5 Rxd1+ 24. Rxd1 Qb7 25. Nd6 Bxd6 26. Rxd6 c5 27. bxc5 bxc5 28. Ba4 Bd7 29. Bxd7 Nxd7 30. Qa4 Nf6 31. Rxf6 Ra8 32. Rb6 Rxa4 33. Rxb7 f6 34. Rc7 c4 35. Nd2 Rxa3 36. Nxc4 Rc3 37. Kf1 Kg8 38. Ke2 Rc1 39. e4 Kf8 40. Kd2 Rg1 41. Ne3 Ne7 42. f3 Ng6 43. Bf2 Rh1 44. Nf5 Nf4 45. Rxg7 Rh2 46. Bc5+ Ke8 47. Re7+ Kd8 48. Bb6+ Kc8 49. Nd6+ Kb8 50. Ba7+ Ka8 51. Nc8 Rxg2+ 52. Kc3 1-0

[Event "Swindon U1900"]
[Site "Swindon"]
[Date "2025.08.23"]
[Round "3.1"]
[White "Redmill, Simon Matthew"]
[Black "Ramdewar, Ishan"]
[Result "0-1"]
[WhiteElo "1716"]
[BlackElo "1867"]
[PlyCount "148"]
[EventDate "2025.08.22"]
[EventType "swiss"]
[EventRounds "6"]
[EventCountry "ENG"]
[SourceTitle "BritBase"]
[Source "John Saunders"]
[SourceDate "2025.12.11"]
[SourceVersion "1"]
[SourceVersionDate "2025.12.11"]
[SourceQuality "1"]

1. d4 d5 2. Bf4 c5 3. e3 Nc6 4. c3 Bf5 5. Qb3 Qd7 6. Bb5 a6 7. Bxc6 Qxc6 8. dxc5 e6 9. Bd6 Bxd6 10. cxd6 O-O-O 11. Nf3 Qxd6 12. O-O Nf6 13. c4 dxc4 14. Qxc4+ Kb8 15. Qa4 Ne4 16. b4 Bg4 17. b5 Bxf3 18. bxa6 Nc5 19. Qa3 Bc6 20. axb7 Qd5 21. f3 Bxb7 22. Nc3 Qe5 23. Nb5 Na6 24. Rab1 Rd7 25. Nd4 Qd6 26. Qa5 Ka8 27. Rb6 Qd5 28. Rb5 Qc4 29. Rfb1 Rc8 30. R5b4 Qc5 31. Qa4 e5 32. Rxb7 Rxb7 33. Qxa6+ Ra7 34. Qd3 exd4 35. exd4 Qc2 36. Qb5 Qc6 37. Qb3 Rb7 38. Qa3+ Kb8 39. Re1 Rd8 40. Qa5 Qd5 41. Qa6 Qxd4+ 42. Kh1 Qd2 43. Rg1 Rd6 44. Qc4 Re6 45. Qg4 Rg6 46. Qa4 h5 47. Qe8+ Ka7 48. Qa4+ Ra6 49. Qc4 Qxa2 50. Qc5+ Rab6 51. Qc3 g6 52. h3 Qb2 53. Qc4 Ra6 54. Kh2 Qe5+ 55. Kh1 Ra1 56. Rxa1+ Qxa1+ 57. Kh2 Qe5+ 58. f4 Qd6 59. Qa4+ Kb6 60. Qb3+ Kc6 61. Qc4+ Qc5 62. Qe4+ Qd5 63. Qe8+ Rd7 64. Qc8+ Kd6 65. Qf8+ Ke6 66. Qe8+ Kf5 67. Qe3 Qd4 68. g4+ hxg4 69. hxg4+ Kxg4 70. Qg3+ Kf5 71. Qg5+ Ke4 72. Kg2 Qd2+ 73. Kg3 Rd3+ 74. Kg4 Qg2+ 0-1

[Event "Swindon U1900"]
[Site "Swindon"]
[Date "2025.08.23"]
[Round "3.2"]
[White "Morrison, John V"]
[Black "Bryant, Jeffrey"]
[Result "1/2-1/2"]
[WhiteElo "1807"]
[BlackElo "1695"]
[PlyCount "91"]
[EventDate "2025.08.22"]
[EventType "swiss"]
[EventRounds "6"]
[EventCountry "ENG"]
[SourceTitle "BritBase"]
[Source "John Saunders"]
[SourceDate "2025.12.11"]
[SourceVersion "1"]
[SourceVersionDate "2025.12.11"]
[SourceQuality "1"]

1. f4 e5 2. e4 exf4 3. Nf3 d6 4. b3 Nc6 5. Bb2 Nf6 6. Nc3 Bg4 7. Bb5 a6 8. Bxc6+ bxc6 9. O-O Be7 10. Qe1 O-O 11. Nd4 Qd7 12. Rxf4 Nh5 13. Rf1 Bf6 14. Nf5 Bxf5 15. Rxf5 Bd4+ 16. Kh1 g6 17. Rf3 Qg4 18. d3 Rae8 19. h3 Qg5 20. g4 Ng7 21. Bc1 Qe5 22. Bd2 d5 23. Rd1 Qe6 24. Ne2 Be5 25. Qf1 dxe4 26. dxe4 Bd6 27. Nc3 Bb4 28. Re1 Rd8 29. Qf2 Qe5 30. Nb1 Bxd2 31. Nxd2 Qd4 32. Qxd4 Rxd4 33. Nc4 Re8 34. e5 Ne6 35. Rf6 Red8 36. Kg2 Rf4 37. Rf1 Rxf1 38. Rxf1 Rd5 39. h4 Kf8 40. Rf2 Ke7 41. a4 Nf8 42. Rf6 Ne6 43. Rf2 Nf8 44. Kf3 Ne6 45. h5 Ng5+ 46. Ke3 1/2-1/2

[Event "Swindon U1900"]
[Site "Swindon"]
[Date "2025.08.23"]
[Round "3.3"]
[White "Palav, Mayank"]
[Black "Cawston, M John"]
[Result "1/2-1/2"]
[WhiteElo "1653"]
[BlackElo "1781"]
[PlyCount "46"]
[EventDate "2025.08.22"]
[EventType "swiss"]
[EventRounds "6"]
[EventCountry "ENG"]
[SourceTitle "BritBase"]
[Source "John Saunders"]
[SourceDate "2025.12.11"]
[SourceVersion "1"]
[SourceVersionDate "2025.12.11"]
[SourceQuality "1"]

1. e4 Nf6 2. e5 Nd5 3. d4 d6 4. Nf3 g6 5. c4 Nb6 6. Nc3 Nc6 7. exd6 cxd6 8. Be2 Bg7 9. O-O O-O 10. Be3 Bg4 11. b3 Rc8 12. Rc1 d5 13. c5 Na8 14. h3 Bxf3 15. Bxf3 e6 16. Qd2 Nc7 17. Rfd1 Qd7 18. Ne2 Ne7 19. Bh6 Bxh6 20. Qxh6 Nf5 21. Qd2 Nh4 22. Qf4 Nxf3+ 23. Qxf3 Kg7 1/2-1/2

[Event "Swindon U1900"]
[Site "Swindon"]
[Date "2025.08.23"]
[Round "3.4"]
[White "Ranasinghe, R A Chaniru Chanudi"]
[Black "French, Morgan"]
[Result "1/2-1/2"]
[WhiteElo "1642"]
[BlackElo "1717"]
[PlyCount "160"]
[EventDate "2025.08.22"]
[EventType "swiss"]
[EventRounds "6"]
[EventCountry "ENG"]
[SourceTitle "BritBase"]
[Source "John Saunders"]
[SourceDate "2025.12.11"]
[SourceVersion "1"]
[SourceVersionDate "2025.12.11"]
[SourceQuality "1"]

1. d4 Nf6 2. Bf4 d5 3. e3 c5 4. c3 Nc6 5. Nd2 Bf5 6. Ngf3 e6 7. Qb3 Qb6 8. Be2 Be7 9. O-O O-O 10. Nh4 Bg4 11. f3 Bh5 12. g4 Bg6 13. Nxg6 hxg6 14. Qxb6 axb6 15. a3 Rac8 16. b4 Rfd8 17. bxc5 bxc5 18. Rfb1 Ra8 19. Rxb7 cxd4 20. cxd4 Bxa3 21. Bb5 Na5 22. Rc7 Bb4 23. Rc2 Ne8 24. Nf1 Rac8 25. Rca2 Nc4 26. Ra4 Bd6 27. Bxe8 Rxe8 28. Bxd6 Nxd6 29. Nd2 Rc2 30. R4a2 Rec8 31. e4 dxe4 32. Nxe4 Nb5 33. Ra4 Rd8 34. Ra8 Rcc8 35. Rxc8 Rxc8 36. Ng5 Nxd4 37. Ra7 f6 38. Ne4 Nxf3+ 39. Kg2 Nd4 40. Nd6 Rd8 41. Nb7 Rd7 42. Ra8+ Kh7 43. Nc5 Re7 44. Ne4 Rb7 45. h4 Nc6 46. Nc5 Re7 47. Ra6 Nd4 48. Rd6 e5 49. Nd3 Nb5 50. Rd5 Nc7 51. Ra5 Kg8 52. g5 e4 53. Nf4 Kf7 54. h5 gxh5 55. gxf6 gxf6 56. Rxh5 Kg7 57. Ne2 Ne6 58. Rh4 f5 59. Ng3 Kf6 60. Nxe4+ Ke5 61. Nd2 Rg7+ 62. Kf2 Ng5 63. Ke3 Re7 64. Nf3+ Nxf3 65. Kxf3 Ra7 66. Rb4 Ra3+ 67. Kf2 f4 68. Rb5+ Ke4 69. Rb4+ Kf5 70. Rb5+ Kg4 71. Rb8 Ra2+ 72. Kf1 Rh2 73. Rb3 f3 74. Rb8 Rh5 75. Rg8+ Rg5 76. Rxg5+ Kxg5 77. Kf2 Kf4 78. Kf1 Ke3 79. Ke1 f2+ 80. Kf1 Kf3 1/2-1/2

[Event "Swindon U1900"]
[Site "Swindon"]
[Date "2025.08.23"]
[Round "3.5"]
[White "Johnson, Richard J"]
[Black "Kocan, Barry A"]
[Result "1-0"]
[WhiteElo "1866"]
[BlackElo "1673"]
[PlyCount "47"]
[EventDate "2025.08.22"]
[EventType "swiss"]
[EventRounds "6"]
[EventCountry "ENG"]
[SourceTitle "BritBase"]
[Source "John Saunders"]
[SourceDate "2025.12.11"]
[SourceVersion "1"]
[SourceVersionDate "2025.12.11"]
[SourceQuality "1"]

1. e4 c5 2. Nf3 d6 3. d4 cxd4 4. Nxd4 Nf6 5. Nc3 g6 6. Be3 Bg7 7. f3 a6 8. Qd2 h5 9. O-O-O Bd7 10. Be2 Qc7 11. Nd5 Nxd5 12. exd5 a5 13. Nb5 Bxb5 14. Bxb5+ Nd7 15. Bd4 Bxd4 16. Qxd4 O-O-O 17. Rhe1 Rhe8 18. Re3 Kb8 19. Rc3 Nc5 20. Bxe8 Rxe8 21. Qc4 Qd7 22. Qf4 f6 23. h4 b5 24. Rxc5 1-0

[Event "Swindon U1900"]
[Site "Swindon"]
[Date "2025.08.23"]
[Round "3.6"]
[White "Punshon, Evan"]
[Black "Reith, Duncan Im"]
[Result "0-1"]
[WhiteElo "1725"]
[BlackElo "1849"]
[PlyCount "50"]
[EventDate "2025.08.22"]
[EventType "swiss"]
[EventRounds "6"]
[EventCountry "ENG"]
[SourceTitle "BritBase"]
[Source "John Saunders"]
[SourceDate "2025.12.11"]
[SourceVersion "1"]
[SourceVersionDate "2025.12.11"]
[SourceQuality "1"]

1. d4 d5 2. Bf4 c5 3. e3 Nc6 4. c3 Qb6 5. Qb3 c4 6. Qc2 Bf5 7. Qc1 Nf6 8. Be2 h6 9. h3 e6 10. Nd2 Qd8 11. b3 b5 12. a4 b4 13. bxc4 bxc3 14. Qxc3 Bb4 15. Qb2 Ne4 16. Ngf3 Qa5 17. cxd5 exd5 18. Bb5 Rc8 19. Rc1 Bc3 20. Qa2 O-O 21. Bxc6 Rxc6 22. Rd1 Bxd2+ 23. Nxd2 Nc3 24. Qa1 Qa6 25. Nc4 Qxc4 0-1

[Event "Swindon U1900"]
[Site "Swindon"]
[Date "2025.08.23"]
[Round "3.7"]
[White "Abdalla, Suhayl"]
[Black "George, Richard M"]
[Result "0-1"]
[WhiteElo "1697"]
[BlackElo "1839"]
[PlyCount "96"]
[EventDate "2025.08.22"]
[EventType "swiss"]
[EventRounds "6"]
[EventCountry "ENG"]
[SourceTitle "BritBase"]
[Source "John Saunders"]
[SourceDate "2025.12.11"]
[SourceVersion "1"]
[SourceVersionDate "2025.12.11"]
[SourceQuality "1"]

1. d4 d5 2. c4 c6 3. cxd5 cxd5 4. Nc3 Nf6 5. Nf3 Nc6 6. Bf4 a6 7. e3 e6 8. h3 Bd6 9. Ne5 Bxe5 10. dxe5 Nd7 11. Qg4 Kf8 12. Be2 h5 13. Qg3 h4 14. Qg4 Ndxe5 15. Bxe5 Nxe5 16. Qd4 Nc6 17. Qd2 b5 18. O-O Bb7 19. f4 g6 20. Rfd1 Qb6 21. Kf2 Rd8 22. Rac1 Kg7 23. Bf3 Ne7 24. Qd4+ Qxd4 25. Rxd4 Nf5 26. Rd2 Rc8 27. Rcd1 Ng3 28. Ne2 Nxe2 29. Kxe2 Rc4 30. Kf2 Rhc8 31. Re1 Rc2 32. Rxc2 Rxc2+ 33. Re2 Rxe2+ 34. Kxe2 Kf6 35. Kd3 e5 36. Bg4 g5 37. fxg5+ Kxg5 38. Bd7 f5 39. Ke2 f4 40. b4 fxe3 41. Kxe3 d4+ 42. Kf2 Kf4 43. a4 bxa4 44. Bxa4 e4 45. Bd1 e3+ 46. Kf1 Kg3 47. Be2 Bxg2+ 48. Ke1 Bb7 0-1

[Event "Swindon U1900"]
[Site "Swindon"]
[Date "2025.08.23"]
[Round "3.8"]
[White "Ebrahimi, Navid"]
[Black "Williams, R Gareth"]
[Result "1-0"]
[WhiteElo "1695"]
[BlackElo "1806"]
[PlyCount "69"]
[EventDate "2025.08.22"]
[EventType "swiss"]
[EventRounds "6"]
[EventCountry "ENG"]
[SourceTitle "BritBase"]
[Source "John Saunders"]
[SourceDate "2025.12.11"]
[SourceVersion "1"]
[SourceVersionDate "2025.12.11"]
[SourceQuality "1"]

1. e4 e6 2. d4 d5 3. Bd3 Nf6 4. e5 Ng8 5. Ne2 Bd7 6. c3 a6 7. a4 c5 8. Nd2 Nc6 9. O-O cxd4 10. cxd4 Nge7 11. Nf3 h6 12. Bd2 Nf5 13. Bc3 Be7 14. Nf4 h5 15. Bxf5 exf5 16. Nxd5 g5 17. Nxe7 Qxe7 18. d5 O-O-O 19. dxc6 Bxc6 20. Qc2 Rhg8 21. Qxf5+ Bd7 22. Qf6 Qf8 23. Qd6 Be6 24. Qxf8 Rdxf8 25. Bb4 Re8 26. Bd6 Kd7 27. Rac1 Rc8 28. Rxc8 Rxc8 29. Nxg5 Bb3 30. Ne4 b6 31. a5 Bd5 32. Nf6+ Ke6 33. Nxd5 Kxd5 34. Rd1+ Ke6 35. axb6 1-0

[Event "Swindon U1900"]
[Site "Swindon"]
[Date "2025.08.23"]
[Round "3.9"]
[White "Driver, Kingsley"]
[Black "George, Naveen Daniel"]
[Result "1-0"]
[WhiteElo "1778"]
[BlackElo "1599"]
[PlyCount "57"]
[EventDate "2025.08.22"]
[EventType "swiss"]
[EventRounds "6"]
[EventCountry "ENG"]
[SourceTitle "BritBase"]
[Source "John Saunders"]
[SourceDate "2025.12.11"]
[SourceVersion "1"]
[SourceVersionDate "2025.12.11"]
[SourceQuality "1"]

1. e4 c5 2. Nf3 d6 3. Bb5+ Nd7 4. O-O g6 5. e5 dxe5 6. Nxe5 Bg7 7. Re1 Ngf6 8. Qe2 O-O 9. Nc3 a6 10. Nxd7 Nxd7 11. Bxd7 Bxd7 12. Qxe7 Qc7 13. Nd5 Qc6 14. Ne3 f6 15. b4 b6 16. bxc5 bxc5 17. Ba3 Rfc8 18. Nc4 Bf8 19. Qe4 Qc7 20. Bb2 Bc6 21. Qe6+ Kh8 22. Bxf6+ Bg7 23. Bxg7+ Qxg7 24. Nb6 Rf8 25. Qxc6 Qd4 26. Nxa8 Rxf2 27. Kh1 Re2 28. Rab1 Qb4 29. Qe8+ 1-0